<?xml version="1.0" encoding="UTF-8"?>
<record
    xmlns:xsi="http://www.w3.org/2001/XMLSchema-instance"
    xsi:schemaLocation="http://www.loc.gov/MARC21/slim http://www.loc.gov/standards/marcxml/schema/MARC21slim.xsd"
    xmlns="http://www.loc.gov/MARC21/slim">

  <leader>00996nam a22002657a 4500</leader>
  <controlfield tag="005">20150612102014.0</controlfield>
  <controlfield tag="008">141021t       mx||||| |||| 00| 0 spa d</controlfield>
  <datafield tag="020" ind1=" " ind2=" ">
    <subfield code="a">9681625633 (obra completa)</subfield>
  </datafield>
  <datafield tag="020" ind1=" " ind2=" ">
    <subfield code="a">9681624017 (tomo I)</subfield>
  </datafield>
  <datafield tag="020" ind1=" " ind2=" ">
    <subfield code="a">9681625641 (tomo II)</subfield>
  </datafield>
  <datafield tag="050" ind1="0" ind2="4">
    <subfield code="a">PN37</subfield>
    <subfield code="b">B44 1997</subfield>
  </datafield>
  <datafield tag="100" ind1="1" ind2=" ">
    <subfield code="a">B&#xE9;guin, Albert, </subfield>
    <subfield code="d">1901-1957</subfield>
  </datafield>
  <datafield tag="245" ind1="1" ind2="0">
    <subfield code="a">Creaci&#xF3;n y destino /</subfield>
    <subfield code="c">Albert B&#xE9;guin ; tr. M&#xF3;nica Mansour ; selecci&#xF3;n y notas de Pierre Grotzer</subfield>
  </datafield>
  <datafield tag="250" ind1=" " ind2=" ">
    <subfield code="a">1a ed.</subfield>
  </datafield>
  <datafield tag="260" ind1=" " ind2=" ">
    <subfield code="a">M&#xE9;xico : </subfield>
    <subfield code="b">Fondo de Cultura Econ&#xF3;mica, </subfield>
    <subfield code="c">r1997</subfield>
  </datafield>
  <datafield tag="300" ind1=" " ind2=" ">
    <subfield code="a">2 v. ; </subfield>
    <subfield code="c">21 cm.</subfield>
  </datafield>
  <datafield tag="440" ind1=" " ind2="0">
    <subfield code="a">Secci&#xF3;n de Obras de Lenguas y Estudios Literarios </subfield>
  </datafield>
  <datafield tag="500" ind1=" " ind2=" ">
    <subfield code="a">Traducci&#xF3;n de: Creation et destinee.</subfield>
  </datafield>
  <datafield tag="504" ind1=" " ind2=" ">
    <subfield code="a">Incluye referencias bibliogr&#xE1;ficas e &#xED;ndice</subfield>
  </datafield>
  <datafield tag="505" ind1=" " ind2=" ">
    <subfield code="a">Contenido: </subfield>
    <subfield code="g">v.1 Ensayos de cr&#xED;tica literaria -- v.2 La realidad del sue&#xF1;o.</subfield>
  </datafield>
  <datafield tag="650" ind1=" " ind2="4">
    <subfield code="a">Literatura</subfield>
    <subfield code="x">Historia y cr&#xED;tica</subfield>
  </datafield>
  <datafield tag="700" ind1="1" ind2=" ">
    <subfield code="a">Mansour, M&#xF3;nica, </subfield>
    <subfield code="q">tr. </subfield>
  </datafield>
  <datafield tag="700" ind1="1" ind2=" ">
    <subfield code="a">Grotzer, Pierre, </subfield>
    <subfield code="q">selec.</subfield>
  </datafield>
  <datafield tag="942" ind1=" " ind2=" ">
    <subfield code="2">lcc</subfield>
    <subfield code="c">LIB</subfield>
  </datafield>
  <datafield tag="999" ind1=" " ind2=" ">
    <subfield code="c">67325</subfield>
    <subfield code="d">67325</subfield>
  </datafield>
  <datafield tag="952" ind1=" " ind2=" ">
    <subfield code="1">0</subfield>
    <subfield code="2">lcc</subfield>
    <subfield code="4">0</subfield>
    <subfield code="7">0</subfield>
    <subfield code="a">LIC-046</subfield>
    <subfield code="b">LIC-046</subfield>
    <subfield code="c">GENERAL</subfield>
    <subfield code="d">2014-10-21</subfield>
    <subfield code="f">1a reimp.</subfield>
    <subfield code="h">LLH000005284</subfield>
    <subfield code="k">EH</subfield>
    <subfield code="o">PN37 B44 1997 V.I</subfield>
    <subfield code="p">LLH000005284</subfield>
    <subfield code="r">2015-01-16 00:00:00</subfield>
    <subfield code="t">V.I C:1</subfield>
    <subfield code="y">LIB</subfield>
    <subfield code="z">General</subfield>
  </datafield>
  <datafield tag="952" ind1=" " ind2=" ">
    <subfield code="1">0</subfield>
    <subfield code="2">lcc</subfield>
    <subfield code="4">0</subfield>
    <subfield code="7">0</subfield>
    <subfield code="a">LIC-046</subfield>
    <subfield code="b">LIC-046</subfield>
    <subfield code="c">GENERAL</subfield>
    <subfield code="d">2014-10-21</subfield>
    <subfield code="f">1a reimp</subfield>
    <subfield code="h">LLH000005285</subfield>
    <subfield code="k">EH</subfield>
    <subfield code="o">PN37 B44 1998 V.II</subfield>
    <subfield code="p">LLH000005285</subfield>
    <subfield code="r">2014-10-21 00:00:00</subfield>
    <subfield code="t">V.II C:1</subfield>
    <subfield code="y">LIB</subfield>
    <subfield code="z">General</subfield>
  </datafield>
  <datafield tag="952" ind1=" " ind2=" ">
    <subfield code="1">0</subfield>
    <subfield code="2">lcc</subfield>
    <subfield code="4">0</subfield>
    <subfield code="7">0</subfield>
    <subfield code="a">LIC-046</subfield>
    <subfield code="b">LIC-046</subfield>
    <subfield code="c">GENERAL</subfield>
    <subfield code="d">2015-06-12</subfield>
    <subfield code="f">1a reimp</subfield>
    <subfield code="h">LLH000006489</subfield>
    <subfield code="k">EH</subfield>
    <subfield code="o">PN37 B44 1997 V.I</subfield>
    <subfield code="p">LLH000006489</subfield>
    <subfield code="r">2015-06-12 00:00:00</subfield>
    <subfield code="t">V.I. C:2</subfield>
    <subfield code="y">LIB</subfield>
    <subfield code="z">General</subfield>
  </datafield>
  <datafield tag="952" ind1=" " ind2=" ">
    <subfield code="1">0</subfield>
    <subfield code="2">lcc</subfield>
    <subfield code="4">0</subfield>
    <subfield code="7">0</subfield>
    <subfield code="a">LIC-046</subfield>
    <subfield code="b">LIC-046</subfield>
    <subfield code="c">GENERAL</subfield>
    <subfield code="d">2015-06-12</subfield>
    <subfield code="f">1a reimp.</subfield>
    <subfield code="h">LLH000006490</subfield>
    <subfield code="k">EH</subfield>
    <subfield code="o">PN37 B44 1998 V.II</subfield>
    <subfield code="p">LLH000006490</subfield>
    <subfield code="r">2015-06-12 00:00:00</subfield>
    <subfield code="t">V.II C:2</subfield>
    <subfield code="y">LIB</subfield>
    <subfield code="z">General</subfield>
  </datafield>
  <datafield tag="952" ind1=" " ind2=" ">
    <subfield code="1">0</subfield>
    <subfield code="2">lcc</subfield>
    <subfield code="4">0</subfield>
    <subfield code="7">0</subfield>
    <subfield code="a">LIC-046</subfield>
    <subfield code="b">LIC-046</subfield>
    <subfield code="c">GENERAL</subfield>
    <subfield code="d">2015-06-12</subfield>
    <subfield code="f">1a ed.</subfield>
    <subfield code="h">LLH000006491</subfield>
    <subfield code="k">EH</subfield>
    <subfield code="o">PN37 B44 1986 V.I</subfield>
    <subfield code="p">LLH000006491</subfield>
    <subfield code="r">2015-06-12 00:00:00</subfield>
    <subfield code="t">V.I C:3</subfield>
    <subfield code="y">LIB</subfield>
    <subfield code="z">General</subfield>
  </datafield>
  <datafield tag="952" ind1=" " ind2=" ">
    <subfield code="1">0</subfield>
    <subfield code="2">lcc</subfield>
    <subfield code="4">0</subfield>
    <subfield code="7">0</subfield>
    <subfield code="a">LIC-046</subfield>
    <subfield code="b">LIC-046</subfield>
    <subfield code="c">GENERAL</subfield>
    <subfield code="d">2015-06-12</subfield>
    <subfield code="f">1a reimp.</subfield>
    <subfield code="h">LLH000006492</subfield>
    <subfield code="k">EH</subfield>
    <subfield code="o">PN37 B44 1998 V.II</subfield>
    <subfield code="p">LLH000006492</subfield>
    <subfield code="r">2015-06-12 00:00:00</subfield>
    <subfield code="t">V.II C:3</subfield>
    <subfield code="y">LIB</subfield>
    <subfield code="z">General</subfield>
  </datafield>
</record>
